| 000 | 00813nam a2200217Ia 4500 | ||
|---|---|---|---|
| 003 | GCL | ||
| 008 | 140319s9999 xx 000 0 ara d | ||
| 040 |
_aGCL / _cGCL |
||
| 082 | 0 | 4 |
_aق _b320.962 _bج ج |
| 100 | 1 | _aجمال الاتاسى | |
| 245 | 1 | 0 |
_aجمال عبدالناصر والتجربة الثورية : _bاطلالة على فكره الاستراتيجى والتاريخى / _cجمال الاتاسى |
| 260 |
_aالقاهرة : _bدار المستقبل العربى ، _c1983 |
||
| 300 |
_a103 ص ؛ _c21سم |
||
| 650 | 0 | 4 | _aالاشتراكية |
| 650 | 0 | 4 | _aثورة 23 يوليو 1952 |
| 650 | 0 | 4 | _aالناصرية |
| 650 | 0 | 4 | _aالقومية العربية |
| 650 | 0 | 4 | _aجمال عبدالناصر |
| 650 | 0 | 4 | _aمصر - تاريخ - العصر الحديث |
| 942 |
_2ddc _cBK |
||
| 999 |
_c30365 _d30365 |
||